| 000 | 00671nam a2200145 a 4500 | ||
|---|---|---|---|
| 008 | 120416s1973 ||||||||||||||||| || u | ||
| 050 | _aTA 418.9.C3 Car | ||
| 100 | _aLangley, Marcus | ||
| 245 | 1 | 0 |
_aCarbon fibres in engineering _cedited by Marcus Langley |
| 260 |
_aLondon _bMcGraw-Hill _c1973 |
||
| 300 | _aviii, 262p. : ill | ||
| 350 | _a0.00 | ||
| 995 |
_aANNEX COLLECTION (Main Library) _D0.00 _e716787 _FCBU-MAIN LIBRARY (Kitwe) _H1 _I5.25 _jTA 418.9.C3 Car _M1 _UAVAILABLE _y014864 _ZAnnex Low-Usage Collection |
||
| 995 |
_aMAIN LIBRARY OPEN ACCESS _D0.00 _e716786 _FCBU-MAIN LIBRARY (Kitwe) _H2 _I5.25 _jTA 418.9.C3 Car _M2 _UAVAILABLE _y014865 _ZMain Library Open Access Collection |
||
| 999 |
_c79150 _d79150 |
||